| 000 | 01258nam a22002657a 4500 | ||
|---|---|---|---|
| 005 | 20110624115647.0 | ||
| 010 | _aB-430978 | ||
| 020 |
_a9780198069317 _c225.00 |
||
| 020 |
_a0198069316 _c225.00 |
||
| 035 | _aB-430978 | ||
| 037 | _bAllied Publishers/VEN | ||
| 082 | _a730.95453 | ||
| 100 |
_aAsher, Frederick M. _929525 |
||
| 245 |
_aBodh Gaya / _cby Frederick M. Asher |
||
| 260 |
_aNew Delhi _bOxford University Press _c2010 |
||
| 270 |
_aYMCA Library building, Jai Singh Road _bNew Delhi _e110001 |
||
| 300 |
_axiv, 98p. _c22cm. (pbk) |
||
| 490 |
_aMonumental legacy / edited by Devangana Desai _929526 |
||
| 500 | _aIncludes bibliographical references and index | ||
| 700 |
_aDesai, Devangana _928768 |
||
| 942 |
_adpl _cEN _2ddc _h730.95453 _mASH |
||
| 999 |
_c53145 _d53145 |
||